Stolice Wysp Kanaryjskich - Statystyki

Ogólne statystyki
  • Ten quiz został rozwiązany 5 razy
  • Średni wynik to 7 z 8
Statystyki odpowiedzi
Hint Odpowiedź % Poprawnych
Lanzarote Arrecife
100%
Gran Canaria Las Palmas de Gran Canaria
100%
Fuerteventura Puerto del Rosario
100%
La Gomera San Sebastián de La Gomera
100%
La Palma Santa Cruz de La Palma
100%
Teneryfa Santa Cruz de Tenerife
100%
El Hierro Valverde
50%
La Graciosa Caleta de Sebo
25%
Nie znaleziono quizów pasujących do podanych kryteriów
Rozkład punktacji
Procent ludzi z każdym wynikiem
Percentyl według liczby udzielonych odpowiedzi
Twoja historia wyników
Nie rozwiązałeś tego quizu